| 000 | 00436nam a22001577a 4500 | ||
|---|---|---|---|
| 008 | 230612b |||||||| |||| 00| 0 eng d | ||
| 040 |
_aNational Science Library _cNational Science Library |
||
| 080 |
_a685.314.2 _bN1 |
||
| 100 | _aKabra, Shri Gopal | ||
| 245 | _aJaipur ankle foot prosthesis | ||
| 260 |
_aNew Delhi: _bRawat Publications, _c1991 |
||
| 300 | _a134p. | ||
| 650 | _aLanguage | ||
| 653 | _aEnglish | ||
| 942 |
_2udc _cREF |
||
| 999 |
_c41938 _d41938 |
||